000
00293nam a22001337a 4500
008
181023b xxu||||| |||| 00| 0 eng d
020
_a
2740264677546
041
_a
eng
080
_2
5 ED
_a
070
100
_a
28
101
_a
MED
245
_a
The Dital Hnadbook
_c
Sonja.S
942
_2
udc
_c
BK
999
_c
50590
_d
50590